000 00558nam a2200205Ia 4500
003 GCL
008 140319s9999 xx 000 0 ara d
040 _aGCL /
_cGCL
082 0 4 _a370.19
_bل ق
100 1 _aلطفى بركات
245 1 0 _aالقيم والتربية /
_cلطفى بركات
260 _a[S.N] :
_bدار المريخ للنشر ،
_c1983
300 _a123 ص
490 _a
650 0 4 _aالاسلام
650 0 4 _aالمجتمع
650 0 4 _aالتربية
650 0 4 _aالاسلام والمجتمع
942 _2ddc
_cBK
999 _c55342
_d55342